Largest Cities in Each Middle Eastern Country - Statistics

General Stats
  • This quiz has been taken 237 times
    197 since last reset
  • The average score is 18 of 19
Answer Stats
Hint Answer % Correct
Iraq Baghdad
98%
Lebanon Beirut
98%
Egypt Cairo
98%
Kuwait Kuwait City
98%
Saudi Araba Riyadh
97%
Iran Tehran
97%
U.A.E Dubai
96%
Turkey Istanbul
96%
Israel Tel Aviv
96%
Jordan Amman
94%
Azerbaijan Baku
93%
Cyprus Nicosia
91%
Syria Aleppo
90%
Qatar Doha
90%
Oman Muscat
90%
Georgia Tbilisi
89%
Armenia Yerevan
89%
Yemen Sana'a
88%
Bahrain Manama
84%
No matching quizzes found
Score Distribution
Percent of People with Each Score
Percentile by Number Answered
Your Score History
You have not taken this quiz since the last reset